[Event "43. Olimpiada Batumi 2018 Femenina"]
[Site "Batumi GEO"]
[Date "2018.09.28"]
[Round "5.1"]
[White "Charinda, Kudzanayi"]
[Black "Gomez Barrera, Javiera Belen"]
[Result "1/2-1/2"]
[WhiteElo "1718"]
[BlackElo "2035"]
[PlyCount "189"]
[EventDate "2018.09.24"]
[EventType "team-swiss"]
[EventRounds "11"]
[EventCountry "GEO"]
[SourceTitle "Ajedrez en Madrid"]
[Source "lmi"]
[SourceDate "2018.09.24"]
[WhiteTeam "Zimbabwe"]
[BlackTeam "Chile"]
[WhiteTeamCountry "ZIM"]
[BlackTeamCountry "CHI"]

1. c4 Nf6 2. Nc3 g6 3. g3 Bg7 4. Bg2 O-O 5. Nf3 d6 6. O-O Nc6 7. d3 e5 8. Rb1
a5 9. a3 Bf5 10. Bg5 h6 11. Bxf6 Qxf6 12. b4 axb4 13. axb4 g5 14. Nd5 Qd8 15.
b5 Ne7 16. Nxe7+ Qxe7 17. Nd2 Rab8 18. Ne4 Bg6 19. Nc3 f5 20. Nd5 Qd7 21. Qc2
f4 22. c5 Qd8 23. cxd6 cxd6 24. Qc7 Qxc7 25. Nxc7 f3 26. Bxf3 Rxf3 27. exf3
Bxd3 28. Rbd1 Bxf1 29. Kxf1 Rd8 30. b6 Kf7 31. Nb5 d5 32. Rc1 Rd7 33. Rc7 Ke6
34. Rc8 d4 35. Nc7+ Kf7 36. Ke2 d3+ 37. Kd2 Bf8 38. Nb5 Bb4+ 39. Nc3 Ba5 40.
Rc7 Ke6 41. Rxd7 Kxd7 42. Kxd3 Bxb6 43. Ne4 Kc6 44. Kc4 Bd4 45. Kb4 b6 46. h3
b5 47. h4 gxh4 48. gxh4 h5 49. Kb3 Kb6 50. Kb4 Kc6 51. Kb3 Bb6 52. Kb4 Bd8 53.
Ng3 Bxh4 54. Nxh5 Bxf2 55. Nf6 Be1+ 56. Kb3 Kc5 57. Ne4+ Kd4 58. Nd6 b4 59. Nf7
Bc3 60. Nd6 Be1 61. Nf7 Kd5 62. Ng5 Bh4 63. Nf7 Be7 64. Nh6 Bg5 65. Ng4 Bd2 66.
Nf6+ Kd4 67. Ng4 Bc3 68. Nh6 Ke3 69. Nf7 Kf4 70. Kc4 Be1 71. Kb3 Kf5 72. Nd6+
Ke6 73. Ne4 Kd5 74. Nf6+ Kd4 75. Ng4 Bc3 76. Nh6 Bd2 77. Ng4 Kd5 78. Nf6+ Ke6
79. Ng4 Kf5 80. Nf2 Kf4 81. Nd3+ Kf5 82. Nf2 Ke6 83. Nd3 Kd5 84. Nf2 Kd4 85.
Ng4 Be1 86. Nh6 Bc3 87. Nf7 Kd5 88. Nh6 Bd2 89. Ng4 Kd4 90. Nf6 Ke3 91. Nd7 Kf4
92. Kc4 Bc3 93. Kb3 Kxf3 94. Nxe5+ Bxe5 95. Kxb4 1/2-1/2

[Event "43. Olimpiada Batumi 2018 Femenina"]
[Site "Batumi GEO"]
[Date "2018.09.28"]
[Round "5.2"]
[White "Jorquera Cabello, Valentina"]
[Black "Wakuruwarewa, Colletta"]
[Result "1-0"]
[WhiteElo "2031"]
[BlackElo "1577"]
[PlyCount "101"]
[EventDate "2018.09.24"]
[EventType "team-swiss"]
[EventRounds "11"]
[EventCountry "GEO"]
[SourceTitle "Ajedrez en Madrid"]
[Source "lmi"]
[SourceDate "2018.09.24"]
[WhiteTeam "Chile"]
[BlackTeam "Zimbabwe"]
[WhiteTeamCountry "CHI"]
[BlackTeamCountry "ZIM"]

1. e4 e6 2. d3 d5 3. Qe2 Nf6 4. Nf3 c5 5. g3 Nc6 6. Bg2 Be7 7. e5 Nd7 8. O-O
Qc7 9. Re1 b6 10. c4 d4 11. h4 h6 12. h5 Bb7 13. Bf4 O-O-O 14. g4 g6 15. hxg6
fxg6 16. Nbd2 Rdf8 17. Bh2 g5 18. Bg3 Rf7 19. Ne4 Rff8 20. Nd6+ Kb8 21. Nxb7
Kxb7 22. b4 Kc8 23. b5 Na5 24. Nd2 Re8 25. Nb3 Nb7 26. a4 Na5 27. Nxa5 bxa5 28.
Qe4 Nb6 29. Qg6 Bd8 30. Bc6 Re7 31. Kg2 Nd7 32. Re2 Nf8 33. Qe4 h5 34. gxh5
Rxh5 35. Qf3 Rh8 36. Be4 Rg7 37. Ree1 Rgg8 38. Rh1 Qg7 39. Ba8 Qc7 40. Rxh8
Rxh8 41. Be4 Qg7 42. Qg4 Qf7 43. Rh1 Rxh1 44. Kxh1 Nd7 45. Bg2 Qh7+ 46. Kg1 Qf7
47. Qe4 Nb6 48. Qc6+ Kb8 49. Bh3 Nxa4 50. Bxe6 Qe7 51. Qc8# 1-0

[Event "43. Olimpiada Batumi 2018 Femenina"]
[Site "Batumi GEO"]
[Date "2018.09.28"]
[Round "5.3"]
[White "Makwena, Christine"]
[Black "Morales Flores, Monserrat"]
[Result "1/2-1/2"]
[WhiteElo "1626"]
[BlackElo "1935"]
[PlyCount "75"]
[EventDate "2018.09.24"]
[EventType "team-swiss"]
[EventRounds "11"]
[EventCountry "GEO"]
[SourceTitle "Ajedrez en Madrid"]
[Source "lmi"]
[SourceDate "2018.09.24"]
[WhiteTeam "Zimbabwe"]
[BlackTeam "Chile"]
[WhiteTeamCountry "ZIM"]
[BlackTeamCountry "CHI"]

1. d4 Nf6 2. c4 g6 3. Nf3 Bg7 4. g3 O-O 5. Bg2 d6 6. O-O Nc6 7. Nc3 e5 8. d5
Nb8 9. e4 a5 10. Nh4 Na6 11. Be3 Nd7 12. f4 exf4 13. gxf4 Qxh4 14. Rf3 Qe7 15.
Qd2 Ndc5 16. f5 Nxe4 17. Nxe4 Qxe4 18. fxg6 Qe5 19. gxh7+ Kh8 20. Raf1 Qh5 21.
Bd4 Be5 22. Bxe5+ dxe5 23. Qc3 Bg4 24. Rg3 Rae8 25. Qxa5 f5 26. Bf3 Bxf3 27.
Rgxf3 Qg4+ 28. Kh1 Qxc4 29. Qd2 Qg4 30. Qh6 Qg7 31. Qh5 Qf7 32. Qh3 Qxd5 33.
Rg1 Rf6 34. Qg2 Rg6 35. Qxg6 Qxf3+ 36. Rg2 Qf1+ 37. Rg1 Qf3+ 38. Rg2 1/2-1/2

[Event "43. Olimpiada Batumi 2018 Femenina"]
[Site "Batumi GEO"]
[Date "2018.09.28"]
[Round "5.4"]
[White "Pinilla Delgado, Sofia Ignacia"]
[Black "Nomalungelo, Mathe"]
[Result "1-0"]
[WhiteElo "1710"]
[BlackElo "1577"]
[PlyCount "101"]
[EventDate "2018.09.24"]
[EventType "team-swiss"]
[EventRounds "11"]
[EventCountry "GEO"]
[SourceTitle "Ajedrez en Madrid"]
[Source "lmi"]
[SourceDate "2018.09.24"]
[WhiteTeam "Chile"]
[BlackTeam "Zimbabwe"]
[WhiteTeamCountry "CHI"]
[BlackTeamCountry "ZIM"]

1. d4 Nf6 2. c4 g6 3. Nc3 Bg7 4. e4 d6 5. Be2 O-O 6. Nf3 e5 7. O-O Re8 8. d5
Nbd7 9. Qc2 a5 10. Bd2 Nc5 11. b3 Nfd7 12. Rab1 Nf8 13. a3 f5 14. b4 axb4 15.
axb4 Nxe4 16. Nxe4 fxe4 17. Ng5 Nd7 18. Ne6 Rxe6 19. dxe6 Nf6 20. Ra1 Bxe6 21.
Bg5 Rxa1 22. Rxa1 d5 23. cxd5 Bxd5 24. Rd1 c6 25. Bc4 Qd6 26. Bxf6 Bxf6 27.
Bxd5+ cxd5 28. Qc8+ Bd8 29. Ra1 Kf8 30. Qxb7 Be7 31. b5 Kf7 32. b6 d4 33. Qa6
d3 34. b7 d2 35. Qxd6 Bxd6 36. Kf1 Ke6 37. Ke2 Kd7 38. Ra8 Kc6 39. b8=Q Bxb8
40. Rxb8 Kd5 41. Kxd2 h5 42. Rg8 Ke6 43. Rxg6+ Kf5 44. Rg8 h4 45. Ke3 Ke6 46.
Kxe4 Kf6 47. Rh8 Ke6 48. Rh6+ Kf7 49. Kxe5 Kg7 50. Rxh4 Kg6 51. f4 1-0

[Event "43. Olimpiada Batumi 2018 Femenina"]
[Site "Batumi GEO"]
[Date "2018.09.28"]
[Round "5.1"]
[White "Ndirangu, Joyce Nyaruai"]
[Black "Wang, Chengjia"]
[Result "0-1"]
[WhiteElo "1673"]
[BlackElo "2050"]
[PlyCount "111"]
[EventDate "2018.09.24"]
[EventType "team-swiss"]
[EventRounds "11"]
[EventCountry "GEO"]
[SourceTitle "Ajedrez en Madrid"]
[Source "lmi"]
[SourceDate "2018.09.24"]
[WhiteTeam "Kenya"]
[BlackTeam "South Korea"]
[WhiteTeamCountry "KEN"]

1. d4 Nf6 2. Bf4 d5 3. e3 c5 4. c3 Nc6 5. Nd2 g6 6. Be2 Bg7 7. h3 O-O 8. Ngf3
Nd7 9. O-O e5 10. dxe5 Ndxe5 11. Nb3 c4 12. Nbd4 Qb6 13. Qc1 Nd7 14. Rd1 Nc5
15. Qc2 Bd7 16. Nxc6 Bxc6 17. Nd4 Ba4 18. b3 cxb3 19. axb3 Bxb3 20. Nxb3 Qxb3
21. Qxb3 Nxb3 22. Ra3 Nc5 23. Rxd5 Ne4 24. Bf3 Nxc3 25. Rd7 a5 26. Rxb7 Ra6 27.
Rbb3 a4 28. Rb7 Rc8 29. Bg5 Ra5 30. Be7 Nb5 31. Ra2 Be5 32. g4 Rb8 33. Rxb8+
Bxb8 34. Bf6 a3 35. Rc2 Nd6 36. Kg2 a2 37. Ba1 Kf8 38. Kf1 Ke7 39. Bd1 Ne4 40.
Ke2 Be5 41. Bxe5 Rxe5 42. Rc7+ Kd6 43. Ra7 Rb5 44. Kf3 Nc3 45. Bc2 Rb2 46. Bd3
Nb1 47. Kg3 Nd2 48. Ra3 Nb3 49. Rxa2 Rxa2 50. Bc4 Ra3 51. Bxf7 Nc5 52. h4 Ra7
53. Bg8 Ne6 54. f4 Rg7 55. Bxe6 Kxe6 56. g5 0-1

[Event "43. Olimpiada Batumi 2018 Femenina"]
[Site "Batumi GEO"]
[Date "2018.09.28"]
[Round "5.2"]
[White "Eynula, Roza"]
[Black "Jumba, Gloria"]
[Result "1-0"]
[WhiteElo "2030"]
[BlackElo "1598"]
[PlyCount "87"]
[EventDate "2018.09.24"]
[EventType "team-swiss"]
[EventRounds "11"]
[EventCountry "GEO"]
[SourceTitle "Ajedrez en Madrid"]
[Source "lmi"]
[SourceDate "2018.09.24"]
[WhiteTeam "South Korea"]
[BlackTeam "Kenya"]
[BlackTeamCountry "KEN"]

1. d4 Nf6 2. c4 g6 3. Nc3 Bg7 4. e4 d6 5. Be2 O-O 6. Nf3 Nc6 7. d5 Nb8 8. Be3
Nbd7 9. Nd2 e5 10. b4 Ne8 11. c5 f5 12. f3 Ndf6 13. Nc4 b6 14. cxb6 axb6 15. a4
Nh5 16. g3 f4 17. Bf2 fxg3 18. hxg3 Qg5 19. Rg1 Qf6 20. Rg2 Qg5 21. Be3 Qe7 22.
a5 bxa5 23. Rxa5 Rb8 24. b5 Qd7 25. Rg1 Qh3 26. Bf1 Qd7 27. Ra7 Qf7 28. Be2 Qf6
29. Ra3 h6 30. Qd2 g5 31. Kd1 Qf7 32. Ra7 Qg6 33. Na5 g4 34. Nc6 Rf7 35. Nxb8
gxf3 36. Bd3 Qg4 37. Qf2 Nef6 38. b6 cxb6 39. Rxf7 Kxf7 40. Nb5 Ke7 41. Nc6+
Kf8 42. Nxd6 Kg8 43. Nxc8 Qxc8 44. Ne7+ 1-0

[Event "43. Olimpiada Batumi 2018 Femenina"]
[Site "Batumi GEO"]
[Date "2018.09.28"]
[Round "5.3"]
[White "Wanjiru, Lucy"]
[Black "Park, Sunwoo"]
[Result "0-1"]
[WhiteElo "1475"]
[BlackElo "1793"]
[PlyCount "80"]
[EventDate "2018.09.24"]
[EventType "team-swiss"]
[EventRounds "11"]
[EventCountry "GEO"]
[SourceTitle "Ajedrez en Madrid"]
[Source "lmi"]
[SourceDate "2018.09.24"]
[WhiteTeam "Kenya"]
[BlackTeam "South Korea"]
[WhiteTeamCountry "KEN"]

1. e4 e5 2. Nf3 Nc6 3. Bc4 Nf6 4. d3 Be7 5. c3 O-O 6. Bg5 d6 7. Nbd2 Na5 8. Bb5
a6 9. Ba4 b5 10. Bxf6 Bxf6 11. Bc2 c5 12. a3 Be6 13. b4 Nc6 14. O-O Qe7 15. Rb1
Rfd8 16. Bb3 Rab8 17. Bxe6 Qxe6 18. Qe2 a5 19. bxa5 Nxa5 20. c4 b4 21. axb4
cxb4 22. Nb3 Nc6 23. Nfd2 Ra8 24. Ra1 Qd7 25. Rfc1 Be7 26. Nf1 Ra3 27. Qc2 Rda8
28. Rab1 Bg5 29. Rd1 Qa7 30. g3 g6 31. Kg2 Nd4 32. Nxd4 Qxd4 33. Rb2 b3 34. Qe2
Ra2 35. Rdb1 Bc1 36. Rxa2 Rxa2 37. Qe1 b2 38. Rxc1 bxc1=Q 39. Qxc1 Qxf2+ 40.
Kh3 Qf3 0-1

[Event "43. Olimpiada Batumi 2018 Femenina"]
[Site "Batumi GEO"]
[Date "2018.09.28"]
[Round "5.4"]
[White "Kim, Yubin"]
[Black "Mwikali, Daphne"]
[Result "1-0"]
[WhiteElo "1671"]
[BlackElo "1481"]
[PlyCount "83"]
[EventDate "2018.09.24"]
[EventType "team-swiss"]
[EventRounds "11"]
[EventCountry "GEO"]
[SourceTitle "Ajedrez en Madrid"]
[Source "lmi"]
[SourceDate "2018.09.24"]
[WhiteTeam "South Korea"]
[BlackTeam "Kenya"]
[BlackTeamCountry "KEN"]

1. e4 e5 2. Bc4 Nf6 3. d3 Be7 4. Nc3 Nc6 5. f4 exf4 6. Bxf4 d6 7. Nf3 O-O 8.
O-O Na5 9. Bb3 Nxb3 10. axb3 Bg4 11. Qe1 Qd7 12. h3 Be6 13. d4 c6 14. Rd1 d5
15. e5 Nh5 16. Bh2 g6 17. Qe3 Ng7 18. Ne2 Nf5 19. Qd2 f6 20. Nf4 Rae8 21. Rfe1
Bd8 22. Nd3 Bb6 23. c3 Qg7 24. Nf4 fxe5 25. Nxe6 Rxe6 26. Bxe5 Qd7 27. Qd3 Rfe8
28. g4 Nd6 29. Kg2 Ne4 30. Nd2 Ng5 31. Nf3 Nf7 32. Bg3 Bc7 33. Rxe6 Rxe6 34.
Re1 Bxg3 35. Rxe6 Qxe6 36. Kxg3 Ng5 37. Nxg5 Qe1+ 38. Kg2 Qh4 39. Qe3 Qh6 40.
Qe8+ Kg7 41. Ne6+ Kf6 42. g5+ 1-0

[Event "43. Olimpiada Batumi 2018 Femenina"]
[Site "Batumi GEO"]
[Date "2018.09.28"]
[Round "5.1"]
[White "Bwalya Mulwale, Lubuuto"]
[Black "Caxita, Esperanca"]
[Result "0-1"]
[WhiteElo "1607"]
[BlackElo "1803"]
[PlyCount "102"]
[EventDate "2018.09.24"]
[EventType "team-swiss"]
[EventRounds "11"]
[EventCountry "GEO"]
[SourceTitle "Ajedrez en Madrid"]
[Source "lmi"]
[SourceDate "2018.09.24"]
[WhiteTeam "Zambia"]
[BlackTeam "Angola"]
[WhiteTeamCountry "ZAM"]
[BlackTeamCountry "ANG"]

1. d4 d5 2. Nf3 Nf6 3. Bf4 e6 4. e3 c5 5. c3 Nc6 6. Be2 Bd6 7. Bg3 Ne4 8. Bh4
Qb6 9. Qc2 cxd4 10. exd4 Bd7 11. Nbd2 f5 12. Ng5 Rc8 13. Ngxe4 dxe4 14. Qb3 h6
15. Qxb6 axb6 16. Nc4 Bc7 17. f3 b5 18. Na3 exf3 19. Bxf3 b4 20. Nb5 Bb8 21. c4
Na5 22. b3 Bxb5 23. cxb5 Ba7 24. Bf2 Ke7 25. O-O Rhd8 26. Rfd1 Rc2 27. Kf1
Rxf2+ 28. Kxf2 Bxd4+ 29. Rxd4 Rxd4 30. Ke3 e5 31. Rc1 f4+ 32. Ke2 e4 33. Bg4
Rd5 34. Rc7+ Kf6 35. b6 Rb5 36. Rc8 g5 37. Rf8+ Kg6 38. Rg8+ Kf7 39. Rh8 Rxb6
40. Bh5+ Kg7 41. Re8 e3 42. g3 Rd6 43. Ke1 Nc6 44. gxf4 gxf4 45. Re4 Rd4 46.
Re6 Rd2 47. Re4 Rxh2 48. Be8 Nd4 49. Rxd4 f3 50. Kd1 Rh1+ 51. Kc2 e2 0-1

[Event "43. Olimpiada Batumi 2018 Femenina"]
[Site "Batumi GEO"]
[Date "2018.09.28"]
[Round "5.2"]
[White "Pires, Luzia"]
[Black "Mututubanya, Portiah"]
[Result "1-0"]
[WhiteElo "1729"]
[BlackElo "1505"]
[PlyCount "213"]
[EventDate "2018.09.24"]
[EventType "team-swiss"]
[EventRounds "11"]
[EventCountry "GEO"]
[SourceTitle "Ajedrez en Madrid"]
[Source "lmi"]
[SourceDate "2018.09.24"]
[WhiteTeam "Angola"]
[BlackTeam "Zambia"]
[WhiteTeamCountry "ANG"]
[BlackTeamCountry "ZAM"]

1. e4 e5 2. Nf3 Nc6 3. Bc4 h6 4. a3 Nf6 5. d3 Bc5 6. h3 d6 7. Nc3 Qe7 8. Na4
Be6 9. Bxe6 Qxe6 10. Nxc5 dxc5 11. Be3 Nd4 12. Nd2 b6 13. f4 exf4 14. Bxf4
O-O-O 15. O-O g6 16. Rf2 Nh5 17. Bh2 Ng7 18. Rc1 f5 19. Kh1 Rhf8 20. Qf1 h5 21.
Nc4 g5 22. exf5 Rxf5 23. Re1 Rxf2 24. Qxf2 Qf5 25. Qxf5+ Ngxf5 26. Re5 Rf8 27.
c3 Nc6 28. Re6 Nfe7 29. Kg1 Kd7 30. Rh6 h4 31. Rh7 Rf5 32. Ne3 Rf6 33. Nd5 Re6
34. Kf2 Ne5 35. Rxe7+ Rxe7 36. Nxe7 Nxd3+ 37. Ke2 Nxb2 38. Ng6 Nc4 39. a4 Nb2
40. Ne5+ Ke6 41. Nf3 Nxa4 42. Nxg5+ Kf5 43. Nf3 Nxc3+ 44. Kd3 Nd5 45. Nxh4+ Kg5
46. Nf3+ Kf5 47. g4+ Kg6 48. Kc4 c6 49. Ne5+ Kg5 50. Nxc6 Ne3+ 51. Kd3 Nxg4 52.
hxg4 Kxg4 53. Nxa7 Kf5 54. Bc7 Ke6 55. Kc4 Kd7 56. Bxb6 Kd6 57. Bxc5+ Ke5 58.
Kd3 Kd5 59. Bd4 Ke6 60. Ke4 Kd6 61. Nb5+ Kc6 62. Nc3 Kd6 63. Ne2 Ke6 64. Be5
Kf7 65. Nf4 Ke7 66. Kd5 Kd7 67. Ng6 Kc8 68. Bf6 Kc7 69. Ne5 Kb6 70. Kc4 Kc7 71.
Kc5 Kb7 72. Be7 Kc7 73. Kb5 Kb7 74. Nd3 Kc7 75. Nc5 Kc8 76. Kc6 Kb8 77. Nd7+
Ka7 78. Bd8 Ka8 79. Bc7 Ka7 80. Nb6 Ka6 81. Bb8 Ka5 82. Bd6 Ka6 83. Bb4 Ka7 84.
Nd7 Ka6 85. Nc5+ Ka7 86. Ba5 Kb8 87. Bb6 Kc8 88. Ba7 Kd8 89. Kd6 Ke8 90. Ke6
Kf8 91. Bb6 Kg7 92. Kf5 Kf7 93. Bd8 Ke8 94. Bh4 Kf7 95. Nd7 Kg7 96. Bg5 Kf7 97.
Ne5+ Kg7 98. Ke6 Kf8 99. Kf5 Kg7 100. Be7 Kh6 101. Kg4 Kg7 102. Kg5 Kh7 103.
Bf8 Kg8 104. Bh6 Kh7 105. Nd7 Kg8 106. Kg6 Kh8 107. Bg7+ 1-0

[Event "43. Olimpiada Batumi 2018 Femenina"]
[Site "Batumi GEO"]
[Date "2018.09.28"]
[Round "5.3"]
[White "Simenda, Daisy"]
[Black "Gabriel, Irineia G"]
[Result "0-1"]
[WhiteElo "1509"]
[BlackElo "1652"]
[PlyCount "102"]
[EventDate "2018.09.24"]
[EventType "team-swiss"]
[EventRounds "11"]
[EventCountry "GEO"]
[SourceTitle "Ajedrez en Madrid"]
[Source "lmi"]
[SourceDate "2018.09.24"]
[WhiteTeam "Zambia"]
[BlackTeam "Angola"]
[WhiteTeamCountry "ZAM"]
[BlackTeamCountry "ANG"]

1. e4 g6 2. d4 Bg7 3. Nf3 d6 4. c4 Nd7 5. Be2 e5 6. d5 Ngf6 7. Nc3 h6 8. O-O
O-O 9. h3 Re8 10. Be3 a6 11. b4 Nf8 12. c5 N6h7 13. Rc1 f5 14. exf5 gxf5 15.
Nh2 f4 16. Bd2 Nf6 17. Bc4 Bf5 18. f3 Re7 19. Re1 Qe8 20. Ne4 Nxe4 21. fxe4 Bc8
22. Rf1 Qg6 23. Qf3 Nh7 24. Rce1 Ng5 25. Qd3 Nxh3+ 26. Kh1 Ng5 27. g3 Bh3 28.
Rg1 f3 29. Bxg5 Bg2+ 30. Rxg2 fxg2+ 31. Kxg2 hxg5 32. c6 b5 33. Bb3 Rf8 34. Bd1
Ref7 35. Ng4 Ra8 36. Qa3 a5 37. bxa5 Rff8 38. Qb4 Rfb8 39. Ne3 g4 40. Bxg4 Bh6
41. Be6+ Kf8 42. Ng4 Ke7 43. Nxe5 Qg7 44. Nd7 Bf4 45. Qb3 Rh8 46. Rf1 Rh4 47.
Kf2 Rh2+ 48. Kg1 Rah8 49. Qd3 Rh1+ 50. Kf2 R8h2+ 51. Ke1 Qa1+ 0-1

[Event "43. Olimpiada Batumi 2018 Femenina"]
[Site "Batumi GEO"]
[Date "2018.09.28"]
[Round "5.4"]
[White "Joao, Delfina"]
[Black "Mbatha, Constance"]
[Result "0-1"]
[WhiteElo "1556"]
[BlackElo "1734"]
[PlyCount "74"]
[EventDate "2018.09.24"]
[EventType "team-swiss"]
[EventRounds "11"]
[EventCountry "GEO"]
[SourceTitle "Ajedrez en Madrid"]
[Source "lmi"]
[SourceDate "2018.09.24"]
[WhiteTeam "Angola"]
[BlackTeam "Zambia"]
[WhiteTeamCountry "ANG"]
[BlackTeamCountry "ZAM"]

1. e4 c5 2. Nf3 Nc6 3. d4 cxd4 4. Nxd4 Nxd4 5. Qxd4 e6 6. Nc3 d6 7. Be3 Ne7 8.
Bb5+ Nc6 9. Bxc6+ bxc6 10. O-O Qc7 11. Rfe1 Bb7 12. Rad1 f6 13. f4 Be7 14. Qc4
Qd7 15. Bc5 Qc7 16. Ba3 Kf7 17. f5 Rhd8 18. Qxe6+ Kf8 19. Qc4 Rd7 20. Ne2 Qb6+
21. Kh1 d5 22. Bxe7+ Rxe7 23. Qd4 c5 24. Qc3 Rxe4 25. Ng3 d4 26. Qa3 Rxe1+ 27.
Rxe1 Qc6 28. Re2 Re8 29. Qd3 Re5 30. Qd2 Qd5 31. a3 a5 32. Rxe5 fxe5 33. Nh5
Qe4 34. Ng3 Qc6 35. Kg1 e4 36. Kf1 e3 37. Qd3 Ba6 0-1

[Event "43. Olimpiada Batumi 2018 Femenina"]
[Site "Batumi GEO"]
[Date "2018.09.28"]
[Round "5.1"]
[White "Dornbusch, Tatiana"]
[Black "Ravelomanana, Sabine"]
[Result "1-0"]
[WhiteElo "2271"]
[BlackElo "1821"]
[PlyCount "51"]
[EventDate "2018.09.24"]
[EventType "team-swiss"]
[EventRounds "11"]
[EventCountry "GEO"]
[SourceTitle "Ajedrez en Madrid"]
[Source "lmi"]
[SourceDate "2018.09.24"]
[WhiteTeam "Monaco"]
[BlackTeam "Madagascar"]
[WhiteTeamCountry "MNC"]
[BlackTeamCountry "MAD"]

1. d4 d5 2. c4 e6 3. Nc3 Nf6 4. Bg5 Be7 5. e3 O-O 6. Qc2 Nbd7 7. cxd5 exd5 8.
Bd3 c6 9. Nge2 Re8 10. O-O Nf8 11. f3 Nh5 12. Bxe7 Qxe7 13. e4 dxe4 14. fxe4
Bg4 15. h3 Bxe2 16. Nxe2 Rad8 17. Bc4 Nf6 18. e5 Nd5 19. Nc3 Ne6 20. Qf2 Nb6
21. Bb3 Rf8 22. Rad1 Nc7 23. Ne4 Ncd5 24. Qg3 Kh8 25. Nd6 Nc8 26. Nf5 1-0

[Event "43. Olimpiada Batumi 2018 Femenina"]
[Site "Batumi GEO"]
[Date "2018.09.28"]
[Round "5.2"]
[White "Razafindrabiaza, Christine"]
[Black "Berezovska, Svetlana"]
[Result "1/2-1/2"]
[WhiteElo "1668"]
[BlackElo "1812"]
[PlyCount "138"]
[EventDate "2018.09.24"]
[EventType "team-swiss"]
[EventRounds "11"]
[EventCountry "GEO"]
[SourceTitle "Ajedrez en Madrid"]
[Source "lmi"]
[SourceDate "2018.09.24"]
[WhiteTeam "Madagascar"]
[BlackTeam "Monaco"]
[WhiteTeamCountry "MAD"]
[BlackTeamCountry "MNC"]

1. d4 Nf6 2. c4 c5 3. Nf3 cxd4 4. Nxd4 e5 5. Nf3 Nc6 6. Nc3 Be7 7. e3 d6 8. Be2
O-O 9. O-O b6 10. Nd2 Bb7 11. Bf3 Rc8 12. b4 Qd7 13. a3 Rfd8 14. Bb2 Bf8 15.
Nce4 Nxe4 16. Bxe4 g6 17. f4 f5 18. Bd5+ Kh8 19. fxe5 Nxe5 20. Nf3 Bg7 21. Ng5
Bxd5 22. Qxd5 Re8 23. Rad1 Re7 24. Ba1 Nxc4 25. Bxg7+ Kxg7 26. Qd4+ Kg8 27.
Rfe1 h6 28. Qd5+ Kg7 29. Qd4+ Kg8 30. Nh3 g5 31. a4 Qxa4 32. Qd5+ Kg7 33. Qxf5
Qd7 34. Qd3 Qe6 35. Qd4+ Qe5 36. Qg4 Qe6 37. Qg3 Qe5 38. Qg4 Qe6 39. Qf3 Rf7
40. Qg3 b5 41. e4 Ne5 42. Rd5 a6 43. Red1 Rc6 44. Nf2 Rfc7 45. h4 Rc3 46. Nd3
Rxd3 47. R5xd3 Nxd3 48. Rxd3 Rc1+ 49. Kh2 Qe5 50. hxg5 hxg5 51. Qxe5+ dxe5 52.
Rd5 Rc4 53. Rxe5 Kf6 54. Rd5 Rxe4 55. Rd6+ Re6 56. Rd1 Ke5 57. Kg3 Rd6 58. Rc1
Rd3+ 59. Kg4 Rd4+ 60. Kxg5 Rxb4 61. g4 a5 62. Re1+ Re4 63. Rc1 Kd5 64. Kf5 Re5+
65. Kf6 Re6+ 66. Kf5 Re5+ 67. Kf6 Re6+ 68. Kf5 Re5+ 69. Kf6 Re6+ 1/2-1/2

[Event "43. Olimpiada Batumi 2018 Femenina"]
[Site "Batumi GEO"]
[Date "2018.09.28"]
[Round "5.3"]
[White "Lebel-Arias, Julia"]
[Black "Raharimanana, Faratiana"]
[Result "1-0"]
[WhiteElo "1724"]
[BlackElo "1660"]
[PlyCount "185"]
[EventDate "2018.09.24"]
[EventType "team-swiss"]
[EventRounds "11"]
[EventCountry "GEO"]
[SourceTitle "Ajedrez en Madrid"]
[Source "lmi"]
[SourceDate "2018.09.24"]
[WhiteTeam "Monaco"]
[BlackTeam "Madagascar"]
[WhiteTeamCountry "MNC"]
[BlackTeamCountry "MAD"]

1. d4 d5 2. e3 Nf6 3. Bd3 c6 4. Nd2 e6 5. f4 Bd6 6. Qe2 Nbd7 7. c3 c5 8. g3 a6
9. a4 Rb8 10. a5 Qc7 11. Ngf3 Qd8 12. O-O Qe7 13. Ne5 Nf8 14. Qf3 N8d7 15. Bc2
O-O 16. g4 cxd4 17. exd4 Ne8 18. Qh3 g6 19. Ndf3 f5 20. gxf5 exf5 21. Re1 Qg7
22. Kh1 Ndf6 23. Bb3 Nc7 24. Qg2 Be6 25. Ng5 Rbe8 26. Be3 Ne4 27. Bg1 Nxg5 28.
Qxg5 Be7 29. Qg2 Bf6 30. Re2 Re7 31. Rae1 Rfe8 32. Bf2 Kf8 33. Bg3 Bf7 34. Qf2
Be6 35. Bh4 Bf7 36. Bxf6 Qxf6 37. Ba4 Rd8 38. Qg3 Be8 39. Bxe8 Nxe8 40. Qh3 Nd6
41. Qh6+ Qg7 42. Qh4 Ne4 43. Rg2 Qf6 44. Qh6+ Qg7 45. Qh3 Qf6 46. Qh6+ Qg7 47.
Qh4 Qf6 48. Qxf6+ Nxf6 49. Rge2 Ne4 50. Kg2 Kg7 51. Kf3 Kf6 52. h4 Rg7 53. Rg2
Re8 54. Reg1 Ree7 55. Ra1 Re6 56. Ra3 Rd6 57. Rb3 Rc7 58. Ke3 Rg7 59. Rb4 Re6
60. Kd3 Nd6 61. Rb6 Nb5 62. Rxe6+ Kxe6 63. b3 Na7 64. c4 Nc6 65. cxd5+ Kxd5 66.
Nxc6 bxc6 67. Re2 Kd6 68. Kc4 h6 69. Rg2 g5 70. hxg5 hxg5 71. Rxg5 Rxg5 72.
fxg5 f4 73. Kd3 Ke6 74. Ke4 f3 75. Kxf3 Kf5 76. b4 Kxg5 77. Ke4 Kf6 78. d5 Ke7
79. Ke5 Kd7 80. d6 Kd8 81. Kd4 Kc8 82. Kc4 Kb8 83. Kc5 Kb7 84. d7 Kc7 85. d8=Q+
Kxd8 86. Kxc6 Kc8 87. Kb6 Kb8 88. Kxa6 Ka8 89. Kb6 Kb8 90. b5 Ka8 91. Kc7 Ka7
92. b6+ Ka6 93. b7 1-0

[Event "43. Olimpiada Batumi 2018 Femenina"]
[Site "Batumi GEO"]
[Date "2018.09.28"]
[Round "5.4"]
[White "Andriantsiferana, Irina"]
[Black "Berezovsky, Fiorina"]
[Result "1-0"]
[WhiteElo "1540"]
[BlackElo "1526"]
[PlyCount "113"]
[EventDate "2018.09.24"]
[EventType "team-swiss"]
[EventRounds "11"]
[EventCountry "GEO"]
[SourceTitle "Ajedrez en Madrid"]
[Source "lmi"]
[SourceDate "2018.09.24"]
[WhiteTeam "Madagascar"]
[BlackTeam "Monaco"]
[WhiteTeamCountry "MAD"]
[BlackTeamCountry "MNC"]

1. e4 c5 2. Nf3 e6 3. d4 cxd4 4. Nxd4 Nc6 5. Be3 Nf6 6. Nd2 Qc7 7. c3 g6 8. Bd3
Bg7 9. Bc2 a6 10. h3 O-O 11. N2f3 b5 12. Qd2 Bb7 13. Nb3 d6 14. Bh6 Rfe8 15.
Bxg7 Kxg7 16. O-O-O Rad8 17. g4 Na5 18. Nxa5 Qxa5 19. a3 Kg8 20. Qf4 Kg7 21.
Rxd6 Qc7 22. Rhd1 Rxd6 23. Rxd6 Rd8 24. e5 Nd5 25. Qd4 Re8 26. h4 Kg8 27. h5
Nxc3 28. bxc3 Bxf3 29. Rd7 Qc4 30. Qxc4 bxc4 31. hxg6 fxg6 32. Rd4 Bd5 33. Be4
Rd8 34. Kc2 Kf7 35. Kc1 Ke7 36. Bc2 Rf8 37. f4 Kd7 38. Ba4+ Kc7 39. Bc2 Kc6 40.
Ba4+ Kc5 41. Bd7 a5 42. Kd2 a4 43. Bxa4 Ra8 44. Bc2 Rxa3 45. f5 Ra2 46. f6 Ra7
47. Rf4 Rf7 48. Rf1 Bc6 49. Ra1 Kb6 50. Ke3 Rd7 51. Rd1 Bd5 52. Be4 Kc6 53.
Bxd5+ exd5 54. Kd4 Rd8 55. e6 Kd6 56. e7 Ra8 57. Re1 1-0